|
|
|
|
| LEADER |
00000cam a22000004a 4500 |
| 001 |
musev2_33802 |
| 003 |
MdBmJHUP |
| 005 |
20230905043548.0 |
| 006 |
m o d |
| 007 |
cr||||||||nn|n |
| 008 |
820507t19821982nju o 00 0 eng d |
| 020 |
|
|
|a 9781400856039
|
| 020 |
|
|
|z 9780691641539
|
| 020 |
|
|
|z 9780691613833
|
| 020 |
|
|
|z 9780691046938
|
| 035 |
|
|
|a (OCoLC)889254574
|
| 040 |
|
|
|a MdBmJHUP
|c MdBmJHUP
|
| 100 |
1 |
|
|a Main, Gloria L.
|q (Gloria Lund),
|d 1933-
|e author.
|
| 245 |
1 |
0 |
|a Tobacco Colony :
|b Life in Early Maryland, 1650-1720 /
|c Gloria L. Main.
|
| 264 |
|
1 |
|a Princeton, New Jersey :
|b Princeton University Press,
|c [1982]
|
| 264 |
|
3 |
|a Baltimore, Md. :
|b Project MUSE,
|c 2015
|
| 264 |
|
4 |
|c ©[1982]
|
| 300 |
|
|
|a 1 online resource (344 pages):
|b map
|
| 336 |
|
|
|a text
|b txt
|2 rdacontent
|
| 337 |
|
|
|a computer
|b c
|2 rdamedia
|
| 338 |
|
|
|a online resource
|b cr
|2 rdacarrier
|
| 490 |
0 |
|
|a Princeton legacy library
|
| 505 |
0 |
|
|a Tobacco colony -- Adaptation under fire -- Servants and slaves, slaves and servants -- Housing in early Maryland -- The poorer planters and their families -- The middling and affluent planters and their families -- Standards, styles, and priorities -- Appendix A: Demographic effects on wealth in early Maryland -- Appendix B: Maryland currency and price fluctuations -- Appendix C: Probate records as a source for historical investigation -- Appendix D: Glossary of room names in Maryland inventories, 1660-1719 -- Appendix E: Glossary of room names in English farmhouses, sixteenth and seventeenth centuries.
|
| 520 |
|
|
|a Setting out to describe the full spectrum of everyday life in early Maryland, this work integrates a range of economic, demographic, and anthropological approaches to the study of a colony in which tobacco was the staple crop. Originally published in 1983. The Princeton Legacy Library uses the latest print-on-demand technology to again make available previously out-of-print books from the distinguished backlist of Princeton University Press. These editions preserve the original texts of these important books while presenting them in durable paperback and hardcover editions. The goal of the Princeton Legacy Library is to vastly increase access to the rich scholarly heritage found in the thousands of books published by Princeton University Press since its founding in 1905.
|
| 588 |
|
|
|a Description based on print version record.
|
| 650 |
|
7 |
|a Tobacco industry.
|2 fast
|0 (OCoLC)fst01151931
|
| 650 |
|
7 |
|a Plantation life.
|2 fast
|0 (OCoLC)fst01065779
|
| 650 |
|
7 |
|a Economic history.
|2 fast
|0 (OCoLC)fst00901974
|
| 650 |
|
7 |
|a Cost and standard of living.
|2 fast
|0 (OCoLC)fst00880673
|
| 650 |
|
7 |
|a HISTORY
|z United States
|x Colonial Period (1600-1775)
|2 bisacsh
|
| 650 |
|
7 |
|a BUSINESS & ECONOMICS
|x Industries
|x General.
|2 bisacsh
|
| 650 |
|
6 |
|a Tabac
|x Industrie
|z Maryland
|x Histoire.
|
| 650 |
|
6 |
|a Vie dans les plantations
|z Maryland
|x Histoire.
|
| 650 |
|
6 |
|a Coût et niveau de la vie
|z Maryland
|x Histoire.
|
| 650 |
|
0 |
|a Tobacco industry
|z Maryland
|x History.
|
| 650 |
|
0 |
|a Plantation life
|z Maryland
|x History.
|
| 650 |
|
0 |
|a Cost and standard of living
|z Maryland
|x History.
|
| 651 |
|
7 |
|a Maryland.
|2 fast
|0 (OCoLC)fst01204739
|
| 651 |
|
6 |
|a Maryland
|x Histoire
|y ca 1600-1775 (Periode coloniale)
|
| 651 |
|
6 |
|a Maryland
|x Conditions economiques.
|
| 651 |
|
0 |
|a Maryland
|x History
|y Colonial period, ca. 1600-1775.
|
| 651 |
|
0 |
|a Maryland
|x Economic conditions.
|
| 655 |
|
7 |
|a History.
|2 fast
|0 (OCoLC)fst01411628
|
| 655 |
|
7 |
|a Electronic books.
|2 local
|
| 710 |
2 |
|
|a Project Muse.
|e distributor
|
| 830 |
|
0 |
|a Book collections on Project MUSE.
|
| 856 |
4 |
0 |
|z Texto completo
|u https://projectmuse.uam.elogim.com/book/33802/
|
| 945 |
|
|
|a Project MUSE - Custom Collection
|
| 945 |
|
|
|a Project MUSE - Archive Complete Supplement III
|
| 945 |
|
|
|a Project MUSE - Archive History Supplement III
|